Bilecik Bilecik Bilecik Bilecik Bilecik

Medya demokrasisi / (Record no. 50751)

MARC details
000 -BAŞLIK
Sabit Uzunluktaki Kontrol Alanı 01131nam a22003737a 4500
001 - KONTROL NUMARASI
Control Dosyası 0050922
003 - KONTROL NUMARASI KİMLİĞİ
Kontrol Alanı KOHA_MİRAKIL
005 - EN SON İŞLEM TARİHİ ve ZAMANI
Kontrol Alanı 20260207003745.0
007 - FİZİKSEL TANIM SABİT ALAN - GENEL BİLGİ
Sabit uzunluklu kontrol alanı ta
008 - SABİT UZUNLUKTAKİ VERİ ÖGELERİ - GENEL BİLGİ
Sabit Alan 150629b2014 tu |||gr||||#||||1|tur |
020 ## - ISBN - ULUSLARARASI STANDART KİTAP NUMARASI
Isbn 9786056378416
040 ## - KATALOGLAMA KAYNAĞI
Özgün Kataloglama Kurumu TR-BiSEU
Kataloglama Dili tur
Çeviri Kurumu TR-BiSEU
Açıklama Kuralları rda
041 0# - DİL KODU
Metin ya da ses kaydının dil kodu tur
044 ## - YAYINLAYAN/ÜRETEN KURULUŞUN ÜLKE KODU
ISO country code tu
050 ## - SINIFLAMA ve YER NUMARASI
Sınıflama Numarası P95.8
Yer Numarası .M49 2014
100 1# - KİŞİ ADI
Yazar Adı (Kişi adı) Meyer, Thomas.
240 10 - TEK BİÇİM BAŞLIK
Tekbiçim Başlık <a href="Media Democracy">Media Democracy</a>
Language of a work Türkçe
245 1# - ESER ADI BİLDİRİMİ
Başlık Medya demokrasisi /
Sorumluluk Bildirimi Thomas Meyer ; Thomas Meyer; Çeviren Ahmet Fethi.
264 #1 - ÜRERİM, YAYIN, DAĞITIM ve TELİF BİLDİRİMİ
Yayın yeri İstanbul :
Yayınlayan Köprü
Yayın tarihi 2014
300 ## - FİZİKSEL TANIMLAMA
Sayfa, Cilt vb. 217 sayfa; 25 cm.
336 ## - İÇERİK TÜRÜ
Content type term metin
Content type code txt
Source rdacontent
337 ## - MEDYA TÜRÜ
Media type term aracısız
Media type code n
Source rdamedia
338 ## - TAŞIYICI TÜRÜ
Carrier type term cilt
Carrier type code nc
Source rdacarrier
490 1# - DİZİ BİLDİRİMİ
Dizi Bildirimi Köpü Kitapları ;
Cilt Numarası 9.
490 1# - DİZİ BİLDİRİMİ
Dizi Bildirimi Politika Dizisi ;
Cilt Numarası 2.
500 ## - GENEL NOT
Genel Not Dış Kapakta: Medya Siyaseti Nasıl Sömürgeleştirir
500 ## - GENEL NOT
Genel Not Özgün Adı: Media Democracy
500 ## - GENEL NOT
Genel Not Dizin var.
500 ## - GENEL NOT
Genel Not Kaynakça var.
650 #0 - KONU BAŞLIĞI EK GİRİŞ - KONU TERİMİ
Konusal terim veya coğrafi ad Mass media--Political aspects.
9 (RLIN) 93641
830 1# - SERİ EK GİRİŞİ - TEKBİÇİM ESER ADI
Tekbiçim Başlık Köpü Kitapları ;
Volume number/sequential designation 9.
9 (RLIN) 94323
830 1# - SERİ EK GİRİŞİ - TEKBİÇİM ESER ADI
Tekbiçim Başlık Politika Dizisi ;
Volume number/sequential designation 2.
9 (RLIN) 25806
942 ## - EK GİRİŞ ÖGELERİ (KOHA)
Source of classification or shelving scheme Library of Congress Classification
Koha item type Book
Holdings
Materyal Türü Kalıcı Konum Mevcut Konum Raf Yeri Sınıflandırma Kaynağı Edinim Bilgisi Ana Konular Alt Konular Yer Numarası Demirbaş Numarası Fatura Tarihi Maliyet, Alış Fiyatı Maliyet, Yenileme Fiyatı Geri Çekilme Durumu Kayıp Durumu Hasarlı Durumu Kredi için değil Kayıt Tarih Toplam Ödünçverme Son Görülme Tarihi Son Kontrol Tarihi Satın Alma Notu
Book Prof. Dr. Azmi Özcan Kütüphanesi Prof. Dr. Azmi Özcan Kütüphanesi Birûni Salonu Library of Congress Classification Satın DİL VE EDEBİYAT Filoloji, Dilbilim P95.8 .M49 2014 0050922 07/07/2015 10.55 10.55         29/06/2015 1 05/12/2024 05/12/2024 B-984687 - B-984797